000 00612nam a2200193 a 4500
005 20240924070321.0
008 030211s1977 mx r 000 0 spa d
035 _aUPN01000121849
049 _aCG
050 4 _aGN330
_bP3.3t
100 1 _aPalerm, Angel,
_d1917-1980
245 1 0 _aHistoria de la etnología :
_bTylor y los profesionales británicos /
_cAngel Palerm.
260 _aMéxico :
_bINAH, Centro de Investigaciones Superiores,
_c1977.
300 _a174 p.
440 0 _aEdiciones de La Casa Chata ;
_v5
650 2 _aEtnología
_94794
600 1 4 _aTYLOR, EDWARD BURNETT,
_d1832-1917
905 _aLibro
999 _c94062
_d94062